000 00547nam a2200193Ia 4500
005 20250508164855.0
008 008 250505s9999 xx 000 0 eng d
037 _aDissertations
040 _aFEDL
_beng
_cFEDL
041 _aeng
_2eng
084 _a155.646, DAB/DI
_qFEDL
100 _aDabas Bhavna
_9779392
245 0 _aParenting styles and children's adjustment
260 _c2005
300 _a138p.
546 _aM. Ed. Dissertation (Delhi University)
942 _cDIS
_h155.646, DAB/DI
999 _c1391722
_d1391722